000 01463nam a2200397 c 4500
001 513703
003 BLK
005 20240717104517.0
008 180408b bul|||||r ||||||| ||bul||
020 _a9788688595223
040 _aBLK
041 _aENG
_aSER
_cENG
080 _aЛозарство. Лози
_b634.8
_z634.8(036)
080 _aТуризъм
_b338.48
_z338.48(036)
080 _aПаметници на културата на историческите периоди. Археологическите паметници. Старини
_b904
_x(497.2)
_z904(497.2)
139 _bR 75
245 1 0 _aThe Roman emperors and Danube wine route for you
_bVol. 2
_ced. Michael Werner
257 _aBGR
260 _c2021
_aBelgrade
_9493678
_bDanube competence center
300 _a303 p.
_bill.
_c20 cm
380 _a63
650 0 _aИмператори, римски
_9261313
650 0 _aГрадове, римски
_9493680
650 7 _aВинопроизводство
_9150734
650 0 _aТуризъм, винен
_9341610
651 7 _9178849
_aДунав
653 _aантични градове
760 1 _aIvanov, Rumen Teofilov
_dBulg. Bestseller - Nat. Museum of Bulg. Books and Polygraphy, 2006
_h96 с. : с ил.
_tP. 1
856 4 _qpdf
856 4 _qpdf
942 _cKNG
_n0
_s1
944 _cНора Радева
_k30545
_lНора Радева
999 _c513703
_d513703
999 _d513703
999 _d513703
999 _d513703